00605nam a2200181 i 45000010005000000030009000050050017000140070003000310080041000340800014000750800034000891000029001232450079001522600074002313000029003057100056003348520033003908707ES-MaACL20230906145520.0t|920825s1989 sp ||||1| spa d a86-14"19" a86(Cordero Alvarado,P.7 S.01)1 aCordero Alvarado, Pedro.10aSonetos y un memento para el desván del alma / cPedro Cordero Alvarado. aLeganés [Madrid] : bAyuntamiento, Delegación de Cultura, c1989. a67 p. : bil. ; c20 cm.1 aLeganés. Ayuntamiento. bDelegación de Cultura. aES-MaACLjL-16190 bR.117546